The Routledge Companion to Children's Literature and Culture (Record no. 93267)
[ view plain ]
| 000 -LEADER | |
|---|---|
| fixed length control field | 03383namaa2200469uu 4500 |
| 001 - CONTROL NUMBER | |
| control field | doab134895 |
| 003 - CONTROL NUMBER IDENTIFIER | |
| control field | oapen |
| 005 - DATE AND TIME OF LATEST TRANSACTION | |
| control field | 20260305123954.0 |
| 006 - FIXED-LENGTH DATA ELEMENTS--ADDITIONAL MATERIAL CHARACTERISTICS | |
| fixed length control field | m o d |
| 007 - PHYSICAL DESCRIPTION FIXED FIELD--GENERAL INFORMATION | |
| fixed length control field | cr|mn|---annan |
| 008 - FIXED-LENGTH DATA ELEMENTS--GENERAL INFORMATION | |
| fixed length control field | 240229s2024 xx |||||o ||| 0|eng d |
| 020 ## - INTERNATIONAL STANDARD BOOK NUMBER | |
| International Standard Book Number | 9781003214953 |
| 020 ## - INTERNATIONAL STANDARD BOOK NUMBER | |
| International Standard Book Number | 9781003214953 |
| 020 ## - INTERNATIONAL STANDARD BOOK NUMBER | |
| International Standard Book Number | 9781032103594 |
| 020 ## - INTERNATIONAL STANDARD BOOK NUMBER | |
| International Standard Book Number | 9781032103600 |
| 024 7# - OTHER STANDARD IDENTIFIER | |
| Standard number or code | 10.4324/9781003214953 |
| Source of number or code | doi |
| 040 ## - CATALOGING SOURCE | |
| Original cataloging agency | oapen |
| Transcribing agency | oapen |
| 041 0# - LANGUAGE CODE | |
| Language code of text/sound track or separate title | eng |
| 042 ## - AUTHENTICATION CODE | |
| Authentication code | dc |
| 245 00 - TITLE STATEMENT | |
| Title | The Routledge Companion to Children's Literature and Culture |
| 260 ## - PUBLICATION, DISTRIBUTION, ETC. | |
| Name of publisher, distributor, etc. | Taylor & Francis |
| Date of publication, distribution, etc. | 2024 |
| 300 ## - PHYSICAL DESCRIPTION | |
| Extent | 1 online resource |
| 336 ## - CONTENT TYPE | |
| Content type term | text |
| Content type code | txt |
| Source | rdacontent |
| 337 ## - MEDIA TYPE | |
| Media type term | computer |
| Media type code | c |
| Source | rdamedia |
| 338 ## - CARRIER TYPE | |
| Carrier type term | online resource |
| Carrier type code | cr |
| Source | rdacarrier |
| 490 1# - SERIES STATEMENT | |
| Series statement | Routledge Literature Companions |
| 506 0# - RESTRICTIONS ON ACCESS NOTE | |
| Terms governing access | Free-to-read |
| Standardized terminology for access restriction | Unrestricted online access |
| Source of term | star |
| 520 ## - SUMMARY, ETC. | |
| Summary, etc. | Focusing on significant and cutting-edge preoccupations within children's literature scholarship, The Routledge Companion to Children's Literature and Culture presents a comprehensive overview of print, digital, and electronic texts for children aged zero to thirteen as forms of world literature participating in a panoply of identity formations. Offering five distinct sections, this volume: Familiarizes students and beginning scholars with key concepts and methodological resources guiding contemporary inquiry into children's literature Describes the major media formats and genres for texts expressly addressing children Considers the production, distribution, and valuing of children's books from an assortment of historical and contemporary perspectives, highlighting context as a driver of content Maps how children's texts have historically presumed and prescribed certain identities on the part of their readers, sometimes addressing readers who share some part of the author's identity, sometimes seeking to educate the reader about a presumed "other," and in recent decades increasingly foregrounding identities once lacking visibility and voice Explores the historical evolutions and trans-regional contacts and (inter)connections in the long process of the formation of global children's literature, highlighting issues such as retranslation, transnationalism, transculturality, and new digital formats for considering cultural crossings and renegotiations in the production of children's literature Methodically presented and contextualized, this volume is an engaging introduction to this expanding and multifaceted field. |
| 540 ## - TERMS GOVERNING USE AND REPRODUCTION NOTE | |
| Terms governing use and reproduction | All rights reserved |
| Uniform Resource Identifier | <a href="http://oapen.org/content/about-rights">http://oapen.org/content/about-rights</a> |
| 546 ## - LANGUAGE NOTE | |
| Language note | English |
| 653 ## - INDEX TERM--UNCONTROLLED | |
| Uncontrolled term | Children's Literature |
| 653 ## - INDEX TERM--UNCONTROLLED | |
| Uncontrolled term | thema EDItEUR::D Biography, Literature and Literary studies::D Biography, Literature and Literary studies::DS Literature: history and criticism |
| 653 ## - INDEX TERM--UNCONTROLLED | |
| Uncontrolled term | thema EDItEUR::D Biography, Literature and Literary studies::DS Literature: history and criticism::DSY Children's and teenage literature studies: general |
| 720 1# - ADDED ENTRY--UNCONTROLLED NAME | |
| Name | Nelson, Claudia |
| Relationship | edt |
| 720 1# - ADDED ENTRY--UNCONTROLLED NAME | |
| Name | Nelson, Claudia |
| Relationship | oth |
| 720 1# - ADDED ENTRY--UNCONTROLLED NAME | |
| Name | Wesseling, Elisabeth |
| Relationship | edt |
| 720 1# - ADDED ENTRY--UNCONTROLLED NAME | |
| Name | Wesseling, Elisabeth |
| Relationship | oth |
| 720 1# - ADDED ENTRY--UNCONTROLLED NAME | |
| Name | Wu, Andrea Mei-Ying |
| Relationship | edt |
| 720 1# - ADDED ENTRY--UNCONTROLLED NAME | |
| Name | Wu, Andrea Mei-Ying |
| Relationship | oth |
| 793 0# - | |
| -- | DOAB Library. |
| 856 40 - ELECTRONIC LOCATION AND ACCESS | |
| Uniform Resource Identifier | <a href="https://directory.doabooks.org/handle/20.500.12854/134895">https://directory.doabooks.org/handle/20.500.12854/134895</a> |
| Access status | 0 |
| Public note | Free-to-read: DOAB: description of the publication |
No items available.